Fort-de-France - Choix multiples - Statistiques

Statistiques générales
  • Ce quiz a été pris 1 535 fois
    1 506 depuis la dernière actualisation
  • Le résultat moyen est 6 sur 10
Statistiques - réponses
Question Réponse % Correct
Qui chante Bons baisers de Fort-de-France en 1984 ? La Compagnie Créole
81%
Quel homme politique et écrivain fut maire de la ville pendant 56 ans, sous les couleurs du PCF puis du PPM ? Aimé Césaire
76%
Suite à quel évènement Fort-de-France devient la plus grande ville de Martinique en 1902, au détriment de Saint-Pierre ? Éruption volcanique
74%
Sur le Grand Marché, par quel mot affectif les vendeurs appellent-ils les clients ? Doudou
68%
En l'honneur de quel abolitioniste est nommée la bibliothèque de Fort-de-France, ainsi qu'un lycée et une ville voisine ? Victor Schœlcher
62%
Quel insecticide, massivement utilisé dans les antilles françaises pour lutter contre le charançon du bananier, contamine aujourd'hui les sols et les milieux marins, avec une forte concentration dans la baie de Fort-de-France ? Le chlordécone
58%
Laquelle de ces photos n'a PAS été prise à Fort-de-France ?
49%
Comment les deux rivières traversant Fort-de-France, nommées en l'honneur du gouverneur Jacques Parquet et de son épouse Marie, s'appellent-elles ? Madame et Monsieur
47%
En l'honneur de quel roi de France le fort de type Vauban, faisant office de base navale et donnant son nom à la ville, est-il nommé ? Saint-Louis
38%
Quel est le gentilé de Fort-de-France ? Foyalais
33%
Aucun quiz correspondant
Distribution des résultats
% des personnes avec chaque résultat
Percentile par nombre de réponses
Votre historique - résultats
Vous n’avez pas pris ce quiz depuis la dernière actualisation